| 000 | 00755cam a22002651 4500 | ||
|---|---|---|---|
| 999 |
_c6231 _d6231 |
||
| 001 | 6045842 | ||
| 003 | GBCCL | ||
| 005 | 20241126110558.0 | ||
| 008 | 740909s1954 tnua 000 0 eng | ||
| 010 | _a 54008238 | ||
| 020 | _a0687139902 | ||
| 035 | _a(OCoLC)1001294 | ||
| 040 |
_aDLC _cVtU _dOCoLC _dFTaSU _dDLC |
||
| 042 | _apremarc | ||
| 050 | 0 | 0 |
_aGV1201 _b.H38 |
| 082 |
_a790.1 _bHAR |
||
| 100 | 1 |
_aHarbin, E. O. _q(Elvin Oscar), _d1885- _911176 |
|
| 245 | 1 | 0 |
_aGames of many nations / _cE. O. Harbin |
| 260 |
_aNashville: _bAbingdon Press, _c[1954] |
||
| 300 |
_a160 p. _bill., maps, _c22 cm. |
||
| 650 | 0 |
_aGames. _911177 |
|
| 650 | 0 |
_aGames _xJuvenile literature _911178 |
|
| 906 |
_a7 _bcbc _coclcrpl _du _encip _f19 _gy-gencatlg |
||
| 942 |
_2ddc _cBK |
||